000 00306nam a2200121 a 4500
005 20140414132056.0
008 100520s19uu xx 00 eng d
050 _aREF 608.7
_bD53 1995
245 _aDictionary of inventors and inventions.
650 _aInventors
650 _aInventions
999 _c114322
_d114322